| 000 | 04127cam a22012134i 4500 | ||
|---|---|---|---|
| 003 | PE-LiUPU | ||
| 005 | 20250813185721.0 | ||
| 008 | 2312s2023 pe a rb 000 0 spa d | ||
| 020 | _a9786123179212 | ||
| 035 | _aPE-LiUPU000001 | ||
| 040 |
_aPE-LiUPU _bspa _cPE-LiUPU _erda |
||
| 082 | 0 | 4 |
_a338.985 _bP467 _223 |
| 245 | 1 | 0 |
_aPerspectivas sobre desarrollo y territorio en el nuevo contexto : _bhomenaje a Efraín Gonzales de Olarte / _cRoxana Barrantes, José I. Távara, editores |
| 250 | _aPrimera edición. | ||
| 264 | 1 |
_aLima : _bFondo Editorial PUCP, _c2023. |
|
| 300 |
_a411 páginas : _bilustraciones, mapas ; _c24 cm |
||
| 336 |
_atext _2rdacontent |
||
| 337 |
_aunmediated _2rdamedia |
||
| 338 |
_avolume _2rdacarrier |
||
| 504 | _aIncluye referencias bibliográficas. | ||
| 505 | 0 | _aIs Appropriate Technology Relevant in the Twenty-First Century? -- Pobreza, subdesarrollo y desarrollo. Reflexiones en torno a tres conceptos que han marcado la preocupación y el esfuerzo de la economía en los siglos XX y XXI -- Ascenso social en el Perú: un análisis con pseudopaneles -- Explorando las pobrezas rurales en el Perú de ingreso medio -- Estrategias de diversificación de ingresos más allá del margen: una mirada a microcosmos rurales con gran minería en los andes peruanos -- Análisis de la decisión de localización de la agroindustria y sus efectos sobre la pobreza en el Perú -- Spatial Perspective on Peru’s Regional Growth: Convergence, Technological Interdependence and Spatial Externalities -- Examining location patterns of industries in developing countries: Evidence from Peru -- La economía política del COVID-19 en Bolivia -- Perú 2020-2021: pandemia, economía y regiones -- La pandemia, la educación y el Estado -- Controles de precios y almacenaje: ¿acaparamiento o previsión? -- Homenaje al Doctor Efraín Gonzales de Olarte con motivo de su designación como Profesor Emérito PUCP. | |
| 526 | _aP202 | ||
| 526 | _aP201 | ||
| 526 | _aP163 | ||
| 526 | _aP162 | ||
| 526 | _aP161 | ||
| 526 | _aP160 | ||
| 526 | _aP148 | ||
| 526 | _aP147 | ||
| 526 | _aP146 | ||
| 526 | _aP145 | ||
| 526 | _aP144 | ||
| 526 | _aP143 | ||
| 526 | _aP142 | ||
| 526 | _aP141 | ||
| 526 | _aP140 | ||
| 526 | _aP139 | ||
| 526 | _aP138 | ||
| 526 | _aP137 | ||
| 526 | _aP136 | ||
| 526 | _aP135 | ||
| 526 | _aP134 | ||
| 526 | _aP133 | ||
| 526 | _aP129 | ||
| 526 | _aP128 | ||
| 526 | _aP127 | ||
| 526 | _aP120 | ||
| 526 | _aP119 | ||
| 526 | _aP118 | ||
| 526 | _aP116 | ||
| 526 | _aP115 | ||
| 526 | _aP114 | ||
| 526 | _aP110 | ||
| 526 | _aP109 | ||
| 526 | _aP108 | ||
| 526 | _aP104 | ||
| 526 | _aP103 | ||
| 526 | _aP102 | ||
| 526 | _aP99 | ||
| 526 | _aP98 | ||
| 526 | _aP97 | ||
| 526 | _aP96 | ||
| 526 | _aP95 | ||
| 526 | _aP93 | ||
| 526 | _aP90 | ||
| 526 | _aP89 | ||
| 526 | _aP88 | ||
| 526 | _aP83 | ||
| 526 | _aP82 | ||
| 526 | _aP62 | ||
| 526 | _aP59 | ||
| 526 | _aP58 | ||
| 526 | _aP57 | ||
| 526 | _aP51 | ||
| 526 | _aP49 | ||
| 526 | _aP48 | ||
| 526 | _aP47 | ||
| 526 | _aP29 | ||
| 526 | _aP24 | ||
| 526 | _aP20 | ||
| 526 | _aP19 | ||
| 526 | _aP17 | ||
| 526 | _aP15 | ||
| 526 | _aP14 | ||
| 526 | _aP12 | ||
| 526 | _aP10 | ||
| 526 | _aP09 | ||
| 526 | _aP08 | ||
| 526 | _aP07 | ||
| 526 | _aP06 | ||
| 526 | _aP05 | ||
| 526 | _aP04 | ||
| 526 | _aP01 | ||
| 600 | 1 | 8 |
_aGonzales de Olarte, Efraín, _d1946- _xAniversarios, etc. _95342 |
| 650 | 2 | 8 |
_aDesarrollo económico _zPerú. |
| 650 | 2 | 0 |
_aPobreza _xAspectos económicos Perú. _zPerú. _95395 |
| 651 | 2 | 8 |
_aPerú _xCondiciones económicas _ySiglo XXI. _95336 |
| 700 |
_aTávara, José Ignacio, _eautor. _95447 |
||
| 700 |
_aGonzales de Olarte, Efraín, _ehomenajeado. _95448 |
||
| 856 | 4 | 0 |
_uhttps://www.fondoeditorial.pucp.edu.pe/producto/perspectivas-sobre-desarrollo-y-territorio-en-el-nuevo-contexto _zAcceso en línea al sitio del editor. |
| 942 |
_2ddc _cBK |
||
| 980 |
_621515 _aROMINA COBOS Adquisiciones _81 _gALBERTO SANCHEZ Responsable de Automatización |
||
| 999 |
_c62962 _d62961 |
||